LEADER 00840nam0-22002891i-450- 001 990005709950403321 005 20061201170928.0 035 $a000570995 035 $aFED01000570995 035 $a(Aleph)000570995FED01 035 $a000570995 100 $a19990604d--------km-y0itay50------ba 101 0 $aeng 105 $ayf------00--- 200 1 $aWilli Baumeister Life and work$fWuill Grohmann 210 $aLondon$cThames and Hudson$d[s.d.] 215 $a360 p., 72 tav.$d30 cm 610 0 $aBaumeister, Willi$aOpere$aCatalogo 676 $a759.3$v21$zita 700 1$aGrohmann,$bWill$f<1887-1968>$036670 801 0$aIT$bUNINA$gRICA$2UNIMARC 901 $aBK 912 $a990005709950403321 952 $a759.3 BAU 1$bST.ARTE 10677$fFLFBC 959 $aFLFBC 996 $aWilli Baumeister Life and work$9573665 997 $aUNINA LEADER 01864nas 2200553- 450 001 9910626179103321 005 20181031052121.4 011 $a2377-5831 035 $a(OCoLC)857266434 035 $a(CKB)2660000000034386 035 $a(CONSER)--2015204024 035 $a(EXLCZ)992660000000034386 100 $a20130830a20uu9999 s-- a 101 0 $aeng 135 $aur||||||||||| 181 $ctxt$2rdacontent 182 $cc$2rdamedia 183 $acr$2rdacarrier 200 10$a... International Conference on Fuzzy Theory and Its Applications 210 1$aPiscataway, NJ :$cIEEE 300 $aProceedings of conference. 311 $a2377-5823 517 1 $aiFUZZY ... 517 1 $aProcceedings of ... International Conference on Fuzzy Theory and Iits Applications 517 1 $aConference digest 517 1 $aFuzzy Theory and it's Applications (iFUZZY) ... International Conference on 531 0 $aInt. Conf. Fuzzy Theory Appl. 606 $aFuzzy sets$vCongresses 606 $aFuzzy systems$vCongresses 606 $aIntelligent control systems$vCongresses 606 $aFuzzy logic$vCongresses 606 $aFuzzy sets$2fast$3(OCoLC)fst00936812 606 $aFuzzy logic$2fast$3(OCoLC)fst00936807 606 $aFuzzy systems$2fast$3(OCoLC)fst00936814 606 $aIntelligent control systems$2fast$3(OCoLC)fst00975911 608 $aConference papers and proceedings.$2fast 615 0$aFuzzy sets 615 0$aFuzzy systems 615 0$aIntelligent control systems 615 0$aFuzzy logic 615 7$aFuzzy sets 615 7$aFuzzy logic. 615 7$aFuzzy systems. 615 7$aIntelligent control systems. 676 $a511.3 906 $aCONFERENCE 912 $a9910626179103321 996 $a.. International Conference on Fuzzy Theory and Its Applications$92505160 997 $aUNINA